Statistics for What's the nearest tube / underground station to these places of interest in London?

Click here to take the quiz!

General Stats

  • This quiz has been taken 1,082 times
  • The average score is 8 of 10

Answer Stats

HintAnswer% Correct
Big BenWestminster
93%
Tower of LondonTower Hill
85%
London EyeWaterloo
82%
The ShardLondon Bridge
81%
2012 Olympic Stadium, now home to West Ham UtdStratford
77%
Victoria and Albert MuseumSouth Kensington
76%
HarrodsKnightsbridge
75%
Madame TussaudsBaker Street
74%
Eros StatuePiccadilly Circus
63%
National GalleryLeicester Square
54%

Score Distribution

Percentile by Number Answered

Percent of People with Each Score

Your Score History

You have not taken this quiz